000 00435nam a22001817a 4500
003 CEME
005 20210628203449.0
008 210122b xxu||||| |||| 00| 0 eng d
020 _a81-7888-152-7
040 _c.
082 _a516.23 JAS
100 _aSingh, Jasmer
_965614
245 _aSolid geometry
260 _aNEW DELHI
_bDOMINANT PUBLISHER
_c2003
300 _a330 P
650 _aSOLID GEOMETRY
_965615
942 _cBK
_2ddc
999 _c573775
_d573775